Statistics for Every Player in the 2021 DFB-Pokal Final

Click here to take the quiz!

General Stats

  • This quiz has been taken 51 times
  • The average score is 28 of 57

Answer Stats

ClubNumberAnswer% Correct
Borussia Dortmund11Marco Reus
95%
Borussia Dortmund9Erling Haaland
93%
Borussia Dortmund1Roman Bürki
93%
Borussia Dortmund15Mats Hummels
88%
Borussia Dortmund7Jadon Sancho
78%
Borussia Dortmund16Manuel Akanji
78%
Borussia Dortmund13Raphaël Guerreiro
76%
Borussia Dortmund8Mahmoud Dahoud
73%
Borussia Dortmund28Axel Witsel
71%
Borussia Dortmund22Jude Bellingham
71%
RB Leipzig1Péter Gulácsi
71%
RB Leipzig18Christopher Nkunku
68%
Borussia Dortmund19Julian Brandt
68%
Borussia Dortmund35Marwin Hitz
68%
Borussia Dortmund23Emre Can
66%
RB Leipzig16Lukas Klostermann
66%
Borussia Dortmund10Thorgan Hazard
66%
Borussia Dortmund24Thomas Meunier
63%
Borussia Dortmund5Dan-Axel Zagadou
61%
RB Leipzig5Dayot Upamecano
61%
Borussia Dortmund14Nico Schulz
61%
Borussia Dortmund32Giovanni Reyna
59%
RB Leipzig23Marcel Halstenberg
59%
RB Leipzig4Willi Orban
59%
Borussia Dortmund18Youssoufa Moukoko
59%
RB Leipzig7Marcel Sabitzer
56%
RB Leipzig9Yussuf Poulsen
56%
RB Leipzig6Ibrahima Konaté
54%
RB Leipzig44Kevin Kampl
54%
RB Leipzig10Emil Forsberg
51%
Borussia Dortmund2Mateu Morey
51%
RB Leipzig22Nordi Mukiele
51%
RB Leipzig25Dani Olmo
49%
Borussia Dortmund29Marcel Schmelzer
49%
Borussia Dortmund6Thomas Delaney
46%
RB Leipzig3Angeliño
44%
Borussia Dortmund27Steffen Tigges
44%
Borussia Dortmund26Łukasz Piszczek
41%
RB Leipzig17Dominik Szoboszlai
37%
Borussia Dortmund20Reinier
37%
RB Leipzig19Alexander Sørloth
34%
RB Leipzig8Amadou Haidara
34%
Borussia Dortmund36Ansgar Knauff
34%
Borussia Dortmund30Felix Passlack
32%
RB Leipzig27Konrad Laimer
32%
Borussia Dortmund25Luca Unbehaun
27%
RB Leipzig14Tyler Adams
20%
RB Leipzig11Hee-chan Hwang
17%
Borussia Dortmund37Tobias Raschl
15%
RB Leipzig13Philipp Tschauner
12%
RB Leipzig38Hugo Novoa
10%
RB Leipzig33Josep Martínez
10%
RB Leipzig21Justin Kluivert
10%
RB Leipzig20Lazar Samardžić
10%
RB Leipzig47Joscha Wosz
5%
RB Leipzig39Benjamin Heinrichs
2%
RB Leipzig35Fabrice Hartmann
2%

Score Distribution

Percentile by Number Answered

Percent of People with Each Score

Your Score History

You have not taken this quiz